Fr. Conceicao Rodrigues College of Engineering

Successful Business Management (Record no. 23204)

MARC details
000 -LEADER
fixed length control field 00327nam a2200145Ia 4500
082 ## - DEWEY DECIMAL CLASSIFICATION NUMBER
Classification number 658
Item number NAT
100 ## - MAIN ENTRY--PERSONAL NAME
Personal name National Business
245 ## - TITLE STATEMENT
Title Successful Business Management
260 ## - PUBLICATION, DISTRIBUTION, ETC.
Name of publisher, distributor, etc. A business Leaders Book
Place of publication, distribution, etc. London
300 ## - PHYSICAL DESCRIPTION
Extent 333
546 ## - LANGUAGE NOTE
Language note ENGLISH
654 ## - SUBJECT ADDED ENTRY--FACETED TOPICAL TERMS
Focus term Business management
942 ## - ADDED ENTRY ELEMENTS (KOHA)
Koha item type BOOK
Holdings
Withdrawn status Lost status Damaged status Not for loan Collection Home library Current library Date acquired Total Checkouts Full call number Barcode Date last seen Price effective from Koha item type
        ITI Fr. Agnel's C.Rodrigues College of Engineering Fr. Agnel's C.Rodrigues College of Engineering 17/03/2023   658 NAT ITI407 17/03/2023 17/03/2023 BOOK